[Event "III Memorial Oliver Gonzalez (Torneo A)"]
[Site "Polideportivo Daoiz y Velarde,"]
[Date "2012.09.03"]
[Round "3"]
[White "Vovk, Andrey"]
[Black "Pogorelov, Ruslan"]
[Result "1-0"]
[WhiteElo "2549"]
[BlackElo "2422"]
[PlyCount "113"]
[EventDate "2012.09.01"]
[EventRounds "9"]
[EventCountry "ESP"]

1. e4 e6 2. d3 d5 3. Nd2 c5 4. g3 Nc6 5. Bg2 Nf6 6. Ngf3 Be7 7. O-O O-O 8. e5
Nd7 9. Re1 Qc7 10. Qe2 b5 11. Nf1 a5 12. Bf4 a4 13. a3 b4 14. Ne3 bxa3 15. bxa3
Ba6 16. Nxd5 exd5 17. e6 Bd6 18. Bxd6 Qxd6 19. exd7 Qxd7 20. Ne5 Nxe5 21. Qxe5
Rad8 22. Rab1 c4 23. d4 c3 24. Re3 Qc6 25. h4 h6 26. Qf5 Bc8 27. Qf3 Qc4 28.
Rd1 Be6 29. Bf1 Qa2 30. Rxc3 Rc8 31. Rdd3 Rxc3 32. Rxc3 Qa1 33. Kg2 Bf5 34. Qe3
Be4+ 35. f3 Bf5 36. Bb5 Rb8 37. Rc5 Be6 38. h5 Qb2 39. Bxa4 Ra8 40. Bb5 Rxa3
41. Bd3 Ra8 42. Rb5 Qa2 43. Rb7 Rc8 44. g4 Qa8 45. Rb6 Re8 46. Qf4 Qd8 47. Rb1
Qe7 48. Rb8 Qf8 49. Rb7 Rc8 50. Kh3 Qd8 51. Qe5 Qe8 52. Kg3 Qc6 53. Rb8 Qe8 54.
Rb6 Qd7 55. f4 Qd8 56. Rd6 Qf8 57. f5 1-0

[Event "III Memorial Oliver Gonzalez (Torneo A)"]
[Site "Polideportivo Daoiz y Velarde,"]
[Date "2012.09.03"]
[Round "3"]
[White "Anton Guijarro, David"]
[Black "Espinosa Aranda, Angel"]
[Result "1/2-1/2"]
[WhiteElo "2546"]
[BlackElo "2422"]
[PlyCount "68"]
[EventDate "2012.09.01"]
[EventRounds "9"]
[EventCountry "ESP"]

1. Nf3 c5 2. b3 Nc6 3. Bb2 d5 4. e3 Nf6 5. Bb5 Bd7 6. O-O a6 7. Bxc6 Bxc6 8.
Ne5 Rc8 9. d3 e6 10. Nd2 Be7 11. f4 O-O 12. Rf3 Nd7 13. Nxc6 Rxc6 14. e4 Bf6
15. e5 Be7 16. c4 f6 17. Rg3 fxe5 18. fxe5 d4 19. Qg4 g6 20. Nf3 Rf5 21. Qe4
Qb8 22. Re1 Rc8 23. h4 Kh8 24. Bc1 b6 25. Bh6 Bf8 26. Bf4 Qa8 27. Ng5 Qxe4 28.
Rxe4 Re8 29. Nf3 Bg7 30. Rh3 Ref8 31. g3 Nb8 32. Rh2 Nc6 33. a3 a5 34. Rhe2 h6
1/2-1/2

[Event "III Memorial Oliver Gonzalez (Torneo A)"]
[Site "Polideportivo Daoiz y Velarde,"]
[Date "2012.09.03"]
[Round "3"]
[White "Valles Moreno, Ivan"]
[Black "Narciso Dublan, Marc"]
[Result "1/2-1/2"]
[WhiteElo "2385"]
[BlackElo "2523"]
[PlyCount "67"]
[EventDate "2012.09.01"]
[EventRounds "9"]
[EventCountry "ESP"]

1. e4 e6 2. d4 d5 3. Nc3 Bb4 4. e5 b6 5. Qg4 Bf8 6. Nf3 Ne7 7. Bb5+ c6 8. Be2
Ba6 9. O-O Nf5 10. Bg5 Be7 11. Rfd1 O-O 12. Bd3 Bxd3 13. Rxd3 Na6 14. Re1 Bxg5
15. Nxg5 h6 16. Nf3 c5 17. dxc5 Nxc5 18. Rd2 g6 19. h4 h5 20. Qf4 Rc8 21. Nb5
Qe7 22. Nd6 Nxd6 23. exd6 Qd8 24. c4 Ne4 25. Rxe4 dxe4 26. Qxe4 Qf6 27. Ne5
Rfd8 28. d7 Rc7 29. Rd3 Qf5 30. Qd4 f6 31. Qd6 Qxe5 32. Qe7 Rcxd7 33. Rxd7 Rxd7
34. Qe8+ 1/2-1/2

[Event "III Memorial Oliver Gonzalez (Torneo A)"]
[Site "Polideportivo Daoiz y Velarde,"]
[Date "2012.09.03"]
[Round "3"]
[White "Horvath, Adam"]
[Black "Ortega Ruiz, Jose M"]
[Result "0-1"]
[WhiteElo "2495"]
[BlackElo "2300"]
[PlyCount "86"]
[EventDate "2012.09.01"]
[EventRounds "9"]
[EventCountry "ESP"]

1. e4 e5 2. Nf3 Nc6 3. Bb5 Nge7 4. Nc3 g6 5. d4 exd4 6. Nd5 Bg7 7. Bg5 h6 8.
Bf6 Bxf6 9. Nxf6+ Kf8 10. O-O Kg7 11. Nd5 Re8 12. Re1 Ng8 13. e5 a6 14. Ba4 b5
15. Bb3 Bb7 16. Qd2 d6 17. e6 fxe6 18. Nf4 e5 19. Ne6+ Rxe6 20. Bxe6 Qf6 21.
Bxg8 Rxg8 22. c3 dxc3 23. Qxc3 Rf8 24. Re2 Rf7 25. Rc1 Ne7 26. Qxc7 Nd5 27. Qb8
Nf4 28. Re3 Nxg2 29. Rc7 Nxe3 30. Rxb7 Qxf3 31. Rxf7+ Kxf7 32. Qa7+ Ke6 33.
fxe3 h5 34. h4 Kf5 35. Qd7+ Ke4 36. Qxd6 Qxe3+ 37. Kg2 Qe2+ 38. Kg1 Qg4+ 39.
Kf1 Qh3+ 40. Kg1 Qg3+ 41. Kh1 Kf3 42. Qd3+ Kf4 43. Qd2+ Kg4 0-1

[Event "III Memorial Oliver Gonzalez (Torneo A)"]
[Site "Polideportivo Daoiz y Velarde,"]
[Date "2012.09.03"]
[Round "3"]
[White "Aranaz Murillo, Amalia"]
[Black "Moreno Ruiz, Javier"]
[Result "0-1"]
[WhiteElo "2213"]
[BlackElo "2492"]
[PlyCount "74"]
[EventDate "2012.09.01"]
[EventRounds "9"]
[EventCountry "ESP"]

1. Nf3 Nf6 2. c4 e6 3. g3 d5 4. Bg2 d4 5. O-O c5 6. b4 a5 7. Qa4+ Nbd7 8. d3
cxb4 9. Nxd4 Be7 10. Bb2 O-O 11. Qc2 Re8 12. a3 e5 13. Nf5 Bf8 14. axb4 Bxb4
15. Nc3 Ra6 16. Ba3 Bxa3 17. Rxa3 Nc5 18. Ne3 h5 19. h4 Ne6 20. Qd2 Nd4 21. Nb5
Rae6 22. Rb1 b6 23. Ra2 Nxb5 24. Rxb5 Bd7 25. Rb1 Bc6 26. Bh3 R6e7 27. Nf5 Rb7
28. Rab2 e4 29. c5 exd3 30. Qg5 g6 31. Nd6 Rxe2 32. Nxb7 Qd4 33. Qf4 Qd5 34. f3
Bxb7 35. Bf1 Qxc5+ 36. Kh1 Qf2 37. Bxe2 Ng4 0-1

[Event "III Memorial Oliver Gonzalez (Torneo A)"]
[Site "Polideportivo Daoiz y Velarde,"]
[Date "2012.09.03"]
[Round "3"]
[White "Forcen Esteban, Daniel"]
[Black "Martin Duque, Jesus"]
[Result "1-0"]
[WhiteElo "2469"]
[BlackElo "2261"]
[PlyCount "53"]
[EventDate "2012.09.01"]
[EventRounds "9"]
[EventCountry "ESP"]

1. e4 e6 2. d4 d5 3. Nc3 Bb4 4. e5 c5 5. a3 Bxc3+ 6. bxc3 Qa5 7. Bd2 Qa4 8. Qg4
g6 9. Nf3 Nc6 10. Bd3 Bd7 11. Qh4 h6 12. O-O Nge7 13. Qf6 O-O-O 14. dxc5 Rdf8
15. Nd4 a6 16. Rfb1 Qa5 17. Rb6 Qxc5 18. Rab1 Na5 19. Be3 Qxa3 20. Nb3 d4 21.
Nxa5 Nd5 22. Nc4 Qa2 23. Nd6+ Kb8 24. Rxb7+ Ka8 25. Bxd4 Bb5 26. Ra7+ Kb8 27.
Rxb5+ 1-0

[Event "III Memorial Oliver Gonzalez (Torneo A)"]
[Site "Polideportivo Daoiz y Velarde,"]
[Date "2012.09.03"]
[Round "3"]
[White "Remolar Gallen, Jose"]
[Black "Almagro Llamas, Pablo"]
[Result "0-1"]
[WhiteElo "2137"]
[BlackElo "2455"]
[PlyCount "48"]
[EventDate "2012.09.01"]
[EventRounds "9"]
[EventCountry "ESP"]

1. e4 c6 2. c4 d5 3. exd5 cxd5 4. cxd5 Nf6 5. Qa4+ Nbd7 6. Nc3 g6 7. Bc4 Bg7 8.
Nf3 O-O 9. d3 a6 10. Qa3 Nb6 11. Qb3 Nxc4 12. dxc4 b5 13. O-O e6 14. cxb5 Nxd5
15. Rd1 axb5 16. Nxb5 Qb6 17. Bd2 Rb8 18. a4 Ba6 19. Bc3 Nxc3 20. bxc3 Qc5 21.
Rab1 Rfc8 22. Rdc1 Bb7 23. c4 Be4 24. Rb2 Bxf3 0-1

[Event "III Memorial Oliver Gonzalez (Torneo A)"]
[Site "Polideportivo Daoiz y Velarde,"]
[Date "2012.09.03"]
[Round "3"]
[White "Barez Menendez, Hector"]
[Black "Barria Zuñiga, Daniel"]
[Result "0-1"]
[WhiteElo "2167"]
[BlackElo "2432"]
[PlyCount "86"]
[EventDate "2012.09.01"]
[EventRounds "9"]
[EventCountry "ESP"]

1. d4 Nf6 2. Nf3 e6 3. e3 g6 4. c4 Bg7 5. Nc3 c5 6. Be2 O-O 7. O-O cxd4 8. Nxd4
a6 9. e4 Qc7 10. Be3 b6 11. Qd2 Bb7 12. f3 d6 13. Rfd1 Rd8 14. Rac1 Nbd7 15.
Qe1 Re8 16. Qf2 Rac8 17. Ndb5 axb5 18. Nxb5 Qb8 19. Nxd6 Bc6 20. Nxe8 Nxe8 21.
b3 Bf8 22. Qh4 Bc5 23. Bxc5 bxc5 24. Rc2 e5 25. Qe7 Nf8 26. Rcd2 Ne6 27. Rd7
Bxd7 28. Rxd7 N8g7 29. Qxf7+ Kh8 30. g3 Rd8 31. Bf1 Rxd7 32. Qxd7 h5 33. h4 Nd4
34. Qf7 Kh7 35. f4 Qa8 36. f5 gxf5 37. exf5 Ndxf5 38. Bg2 Qa5 39. Bd5 Qe1+ 40.
Kg2 Qxg3+ 41. Kh1 Qxh4+ 42. Kg1 Qe1+ 43. Kh2 Qf2+ 0-1

[Event "III Memorial Oliver Gonzalez (Torneo A)"]
[Site "Polideportivo Daoiz y Velarde,"]
[Date "2012.09.03"]
[Round "3"]
[White "Gomez Ledo, Roberto Carlos"]
[Black "Jimenez Martinez, Jose Vicente"]
[Result "1-0"]
[WhiteElo "2431"]
[BlackElo "2277"]
[PlyCount "67"]
[EventDate "2012.09.01"]
[EventRounds "9"]
[EventCountry "ESP"]

1. d4 g6 2. c4 Bg7 3. Nc3 Nf6 4. e4 d6 5. Be2 O-O 6. Nf3 e5 7. O-O Nc6 8. d5
Ne7 9. b4 Nh5 10. g3 f5 11. Ng5 Nf6 12. f3 h6 13. Ne6 Bxe6 14. dxe6 Nc6 15. c5
dxc5 16. Qxd8 Rfxd8 17. bxc5 Nd4 18. Bc4 Re8 19. Rb1 b6 20. Nb5 Nxb5 21. Bxb5
Rec8 22. Bb2 Ne8 23. Bd7 Rd8 24. exf5 gxf5 25. c6 Bf6 26. f4 Ng7 27. Rbe1 Kf8
28. fxe5 Be7 29. g4 Bc5+ 30. Kh1 Ke7 31. gxf5 Nxf5 32. Rxf5 Rf8 33. Rf6 Rg8 34.
Bd4 1-0

[Event "III Memorial Oliver Gonzalez (Torneo A)"]
[Site "Polideportivo Daoiz y Velarde,"]
[Date "2012.09.03"]
[Round "3"]
[White "Meszaros, Tamas"]
[Black "Vega Gomez, Francisco Borja"]
[Result "1-0"]
[WhiteElo "2428"]
[BlackElo "2220"]
[PlyCount "47"]
[EventDate "2012.09.01"]
[EventRounds "9"]
[EventCountry "ESP"]

1. e4 d5 2. exd5 Nf6 3. d4 Nxd5 4. Nf3 g6 5. c4 Nb6 6. Nc3 Bg7 7. c5 Nd5 8. Bc4
c6 9. O-O O-O 10. Re1 Bg4 11. Bg5 Nf6 12. d5 cxd5 13. Nxd5 e6 14. Nxf6+ Bxf6
15. Qxd8 Bxd8 16. Bh6 Ba5 17. Bxf8 Bxe1 18. Nxe1 Kxf8 19. f3 Bf5 20. g4 Nd7 21.
gxf5 gxf5 22. Nd3 Rc8 23. b4 b6 24. Bb5 1-0

[Event "III Memorial Oliver Gonzalez (Torneo A)"]
[Site "Polideportivo Daoiz y Velarde,"]
[Date "2012.09.03"]
[Round "3"]
[White "Ruiz Sanchez, Orlen"]
[Black "Alvarez Abejon, Amilcar"]
[Result "1-0"]
[WhiteElo "2422"]
[BlackElo "2105"]
[PlyCount "67"]
[EventDate "2012.09.01"]
[EventRounds "9"]
[EventCountry "ESP"]

1. e4 e5 2. Nf3 Nc6 3. Bb5 Nf6 4. O-O Nxe4 5. d4 Nd6 6. Bxc6 dxc6 7. dxe5 Nf5
8. Qxd8+ Kxd8 9. h3 Ke8 10. b3 h5 11. Bb2 a5 12. a4 Be6 13. Nbd2 Rd8 14. Rad1
c5 15. Ng5 Be7 16. Nxe6 fxe6 17. Nc4 b6 18. Rxd8+ Kxd8 19. g4 hxg4 20. hxg4 Nh6
21. f3 Bg5 22. f4 Be7 23. Ne3 c4 24. bxc4 Bc5 25. Rd1+ Ke7 26. Bd4 Bxd4 27.
Rxd4 Rd8 28. Rxd8 Kxd8 29. Kg2 g6 30. Kf3 Ke8 31. Ke4 Kf8 32. c5 Ke8 33. cxb6
cxb6 34. g5 1-0

[Event "III Memorial Oliver Gonzalez (Torneo A)"]
[Site "Polideportivo Daoiz y Velarde,"]
[Date "2012.09.03"]
[Round "3"]
[White "Collado Barbas, Laura"]
[Black "Lariño Nieto, David"]
[Result "0-1"]
[WhiteElo "2149"]
[BlackElo "2487"]
[PlyCount "58"]
[EventDate "2012.09.01"]
[EventRounds "9"]
[EventCountry "ESP"]

1. d4 e6 2. c4 c5 3. d5 exd5 4. cxd5 d6 5. Nc3 g6 6. e4 Bg7 7. h3 Ne7 8. Bd3
O-O 9. Nf3 a6 10. a4 h6 11. g4 Nd7 12. Be3 f5 13. gxf5 gxf5 14. Qd2 f4 15. Bxf4
Ng6 16. Bxd6 Rxf3 17. O-O-O Nde5 18. Bxe5 Nxe5 19. Be2 Rxf2 20. Rdg1 Qf6 21.
Rg3 b5 22. Rhg1 Ra7 23. Qe3 Rf7 24. Qxc5 Bd7 25. Kb1 Rxe2 26. Nxe2 Nf3 27. Nc3
Nxg1 28. Rxg1 bxa4 29. Qb4 Kh7 0-1

[Event "III Memorial Oliver Gonzalez (Torneo A)"]
[Site "Polideportivo Daoiz y Velarde,"]
[Date "2012.09.03"]
[Round "3"]
[White "Rodrigo Yanguas, Maria"]
[Black "Roa Alonso, Santiago"]
[Result "1/2-1/2"]
[WhiteElo "2171"]
[BlackElo "2426"]
[PlyCount "41"]
[EventDate "2012.09.01"]
[EventRounds "9"]
[EventCountry "ESP"]

1. e4 g6 2. d4 Bg7 3. Be3 d6 4. Nf3 Nf6 5. Nbd2 Nc6 6. c3 O-O 7. Bd3 e5 8. O-O
Re8 9. Qb3 Qe7 10. a4 a5 11. Bc4 b6 12. Rae1 Nd8 13. Nh4 Ng4 14. Nhf3 Nxe3 15.
fxe3 Rf8 16. Bd5 Rb8 17. Qa2 Ne6 18. Rf2 Bd7 19. Bb3 Kh8 20. Nc4 f6 21. Kh1
1/2-1/2

[Event "III Memorial Oliver Gonzalez (Torneo A)"]
[Site "Polideportivo Daoiz y Velarde,"]
[Date "2012.09.03"]
[Round "3"]
[White "Cardenas Serrano, Sergio"]
[Black "Moreno Tejera, Emilio"]
[Result "0-1"]
[WhiteElo "2123"]
[BlackElo "2358"]
[PlyCount "106"]
[EventDate "2012.09.01"]
[EventRounds "9"]
[EventCountry "ESP"]

1. d4 f5 2. Nf3 Nf6 3. Bg5 e6 4. Nbd2 d5 5. e3 Be7 6. Ne5 O-O 7. f4 Nfd7 8.
Bxe7 Qxe7 9. Nef3 c5 10. c3 b6 11. Qa4 a5 12. Bb5 Ba6 13. O-O Bxb5 14. Qxb5 a4
15. Qe2 Nc6 16. Rfc1 Rfc8 17. g3 Nf6 18. h3 Ne4 19. Nxe4 fxe4 20. Ne5 Nxe5 21.
fxe5 a3 22. b3 Rf8 23. Rf1 Qg5 24. Kg2 h6 25. Rf4 cxd4 26. cxd4 Rac8 27. Raf1
Rxf4 28. Rxf4 Rc3 29. h4 Qe7 30. Qd2 Qc7 31. Rf2 Kh7 32. Re2 Rd3 33. Qe1 Qf7
34. Rf2 Qh5 35. Qe2 Qe8 36. Qe1 Qc6 37. Re2 {(=)} Rc3 38. Qd2 Rc1 39. Rf2 Rb1
40. Qc2 Qxc2 41. Rxc2 Rb2 42. Rf2 Kg6 43. g4 h5 44. g5 Rb1 45. Kh2 Re1 46. Rc2
Rxe3 47. Rc6 Kf5 48. Rc7 g6 49. Rf7+ Kg4 50. Rf6 Re2+ 51. Kg1 Kg3 52. Kf1 Rxa2
53. Rxe6 Rf2+ 0-1

[Event "III Memorial Oliver Gonzalez (Torneo A)"]
[Site "Polideportivo Daoiz y Velarde,"]
[Date "2012.09.03"]
[Round "3"]
[White "Elissalt Cardenas, Hector"]
[Black "Gonzalez Mateos, Rafael"]
[Result "1-0"]
[WhiteElo "2353"]
[BlackElo "2161"]
[PlyCount "107"]
[EventDate "2012.09.01"]
[EventRounds "9"]
[EventCountry "ESP"]

1. d4 Nf6 2. c4 e6 3. Nf3 b6 4. Nc3 Bb4 5. e3 Bxc3+ 6. bxc3 Nc6 7. Bd3 d6 8.
Ba3 O-O 9. O-O Re8 10. Nd2 e5 11. Qc2 Ba6 12. Rad1 Qe7 13. Qa4 Bb7 14. Rb1 Qd7
15. c5 dxc5 16. Bxc5 exd4 17. cxd4 Rad8 18. Nf3 Nxd4 19. Qxd4 Bxf3 20. gxf3
bxc5 21. Qxd7 Nxd7 22. Rb7 Ne5 23. Be4 f5 24. Bxf5 Nxf3+ 25. Kh1 a6 26. Rxc7
Rd2 27. Rxc5 Rxa2 28. Bc2 Rb2 29. Kg2 Ne5 30. Ra1 Rb6 31. Ra4 Nd7 32. Rc7 Nf6
33. Bd3 Rb2 34. Bc4+ Kh8 35. Bxa6 h5 36. Rc8 Rxc8 37. Bxc8 Kh7 38. h3 Kh6 39.
Bf5 g6 40. Bd3 Rd2 41. Rd4 g5 42. Kg3 h4+ 43. Kg2 Rb2 44. Bf5 Rb5 45. e4 g4 46.
hxg4 Kg5 47. e5 Nh5 48. gxh5 Kxf5 49. Rxh4 Rxe5 50. h6 Re8 51. h7 Rh8 52. Kf3
Kg6 53. Kg4 Kg7 54. Kg5 1-0

[Event "III Memorial Oliver Gonzalez (Torneo A)"]
[Site "Polideportivo Daoiz y Velarde,"]
[Date "2012.09.03"]
[Round "3"]
[White "Gallardo Garcia, Andres"]
[Black "Pascual Palomo, Lucia"]
[Result "1-0"]
[WhiteElo "2339"]
[BlackElo "2120"]
[PlyCount "167"]
[EventDate "2012.09.01"]
[EventRounds "9"]
[EventCountry "ESP"]

1. c4 e6 2. Nc3 Nf6 3. Nf3 d5 4. d4 Be7 5. Bg5 b6 6. e3 Bb7 7. Bxf6 Bxf6 8.
cxd5 exd5 9. Qc2 c6 10. Bd3 h6 11. g4 Nd7 12. O-O-O Nf8 13. e4 dxe4 14. Nxe4
Ne6 15. Bc4 Be7 16. Qb3 Qc8 17. Rhe1 O-O 18. Ne5 b5 19. Bxe6 Qxe6 20. Qxe6 fxe6
21. Nc5 Bg5+ 22. Kb1 Bc8 23. Re2 a5 24. Nxc6 Bh4 25. Rf1 b4 26. f4 Ra6 27. Ne5
Rd8 28. Rd2 Rad6 29. Rfd1 Rd5 30. Kc2 Bf6 31. Kb3 g5 32. Ne4 Bg7 33. fxg5 hxg5
34. Nc6 R8d7 35. Nc5 Rc7 36. Nxa5 e5 37. Kxb4 exd4 38. Nab3 Bxg4 39. Rg1 Bc8
40. Kc4 Be6 41. Kb5 Bd7+ 42. Kc4 Rf5 43. h4 g4 44. Kb4 Rf4 45. Nxd7 Rxd7 46.
Rd3 Bf8+ 47. Kc4 Rc7+ 48. Kd5 Rc2 49. Rxd4 Rxd4+ 50. Nxd4 Rxb2 51. Rxg4+ Kf7
52. Rf4+ Kg8 53. a4 Bh6 54. Rg4+ Kf7 55. Nf5 Bf8 56. Nd6+ Ke7 57. Re4+ Kd7 58.
Nc4 Ra2 59. a5 Ra1 60. Rf4 Rd1+ 61. Ke4 Bc5 62. Kf5 Rh1 63. Rg4 Be7 64. Ne5+
Kd6 65. Nf7+ Kd5 66. Ng5 Rf1+ 67. Kg6 Rf6+ 68. Kg7 Ra6 69. Rf4 Bd6 70. Rf5+
Be5+ 71. Kh7 Ra7+ 72. Kg6 Ra6+ 73. Kh7 Ra7+ 74. Kg6 Ra6+ 75. Kh5 Kd4 76. Nf3+
Ke4 77. Rxe5+ Kxf3 78. Kg5 Ra8 79. h5 Rg8+ 80. Kf6 Kf4 81. Rb5 Kg4 82. a6 Rh8
83. Kg7 Rc8 84. Ra5 1-0

[Event "III Memorial Oliver Gonzalez (Torneo A)"]
[Site "Polideportivo Daoiz y Velarde,"]
[Date "2012.09.03"]
[Round "3"]
[White "Perez De Aranda A., Leonardo I"]
[Black "Perez Gonzalez, Jose Manuel"]
[Result "0-1"]
[WhiteElo "2113"]
[BlackElo "2333"]
[PlyCount "72"]
[EventDate "2012.09.01"]
[EventRounds "9"]
[EventCountry "ESP"]

1. e4 d6 2. d4 Nf6 3. Nc3 g6 4. f4 Bg7 5. Nf3 O-O 6. Be2 c5 7. dxc5 Qa5 8. O-O
Qxc5+ 9. Kh1 Nc6 10. Qe1 Bg4 11. Bd3 Bxf3 12. Rxf3 Nb4 13. Be3 Nxd3 14. cxd3
Qb4 15. Bd2 e6 16. Nd5 Qa4 17. Nxf6+ Bxf6 18. Bc3 Bxc3 19. Qxc3 Rac8 20. Qf6
Qxa2 21. Raf1 Rc2 22. f5 exf5 23. exf5 Qxb2 24. fxg6 Qxf6 25. gxh7+ Kxh7 26.
Rxf6 Rc7 27. Rxd6 b5 28. g4 b4 29. g5 Rb8 30. Rxf7+ Rxf7 31. g6+ Kg7 32. gxf7
b3 33. f8=Q+ Kxf8 34. Rf6+ Kg7 35. Rf1 b2 36. Rb1 a5 0-1

[Event "III Memorial Oliver Gonzalez (Torneo A)"]
[Site "Polideportivo Daoiz y Velarde,"]
[Date "2012.09.03"]
[Round "3"]
[White "Aranda Marin, Cristian"]
[Black "Ciuro Muñoz, Ricardo"]
[Result "1-0"]
[WhiteElo "2328"]
[BlackElo "2102"]
[PlyCount "71"]
[EventDate "2012.09.01"]
[EventRounds "9"]
[EventCountry "ESP"]

1. d4 e6 2. c4 c5 3. d5 exd5 4. cxd5 d6 5. Nc3 a6 6. a4 Ne7 7. e4 Ng6 8. Be3
Be7 9. Nf3 Nd7 10. Be2 O-O 11. O-O Bf6 12. h3 Re8 13. Qc2 Qe7 14. Bd3 Nde5 15.
Nxe5 Nxe5 16. Bf4 Bd7 17. Rfe1 c4 18. Bf1 b5 19. Bh2 b4 20. Nd1 Rac8 21. f4 b3
22. Qd2 Ng6 23. Nc3 Qd8 24. Kh1 Qa5 25. Rac1 Qb4 26. f5 Ne5 27. Bf4 Bxa4 28.
Re3 Nd3 29. Bxd3 cxd3 30. Qxd3 Bd4 31. Bxd6 Qxd6 32. Qxd4 Bb5 33. e5 Qh6 34. e6
fxe6 35. fxe6 Bc4 36. Rce1 1-0

[Event "III Memorial Oliver Gonzalez (Torneo A)"]
[Site "Polideportivo Daoiz y Velarde,"]
[Date "2012.09.03"]
[Round "3"]
[White "Ginesta Caballero, Olga Lucia"]
[Black "Chueca Forcen, Alberto"]
[Result "1/2-1/2"]
[WhiteElo "2099"]
[BlackElo "2313"]
[PlyCount "138"]
[EventDate "2012.09.01"]
[EventRounds "9"]
[EventCountry "ESP"]

1. e4 e6 2. d3 d5 3. Nd2 c5 4. Ngf3 Nf6 5. c3 Be7 6. Qc2 Nc6 7. Be2 O-O 8. O-O
b5 9. d4 Qb6 10. exd5 Nxd5 11. dxc5 Bxc5 12. Ne4 Be7 13. Bg5 f6 14. Bd2 Bb7 15.
Qb3 a6 16. c4 Nd4 17. Nxd4 Qxd4 18. Qd3 Qxd3 19. Bxd3 Nb6 20. cxb5 axb5 21. Be3
Nc4 22. Bxc4 bxc4 23. Nc3 Rfd8 24. Rfd1 Rd3 25. Rxd3 cxd3 26. Rd1 Ba6 27. Ne4
Rc8 28. Rc1 Rc2 29. Rxc2 dxc2 30. a3 h6 31. Nc3 f5 32. Na2 Bc4 33. Nb4 Bb3 34.
Kf1 e5 35. Ke2 f4 36. Bc1 Bg5 37. f3 e4 38. h4 exf3+ 39. Kxf3 Bxh4 40. Bxf4 Kf7
41. Ke2 Ke6 42. Kd3 Kf5 43. Bc1 Kg4 44. Nxc2 Bf6 45. Ne1 Kg3 46. Ke4 Kf2 47.
Nd3+ Kxg2 48. Nf4+ Kf2 49. Nh5 Bc2+ 50. Kd5 Bg5 51. Bxg5 hxg5 52. Nxg7 g4 53.
Nh5 Ke3 54. Ke5 Ba4 55. b4 Be8 56. Ng3 Bd7 57. Nh5 Kf3 58. Nf4 g3 59. Nd3 Ba4
60. Nf4 Bd7 61. Nd3 Be8 62. Nf4 Bb5 63. Kf5 Bd7+ 64. Kg5 Kf2 65. Kh4 Kf3 66.
Kg5 Ke4 67. b5 Bxb5 68. Kg4 Kd4 69. Kxg3 Kc3 1/2-1/2

[Event "III Memorial Oliver Gonzalez (Torneo A)"]
[Site "Polideportivo Daoiz y Velarde,"]
[Date "2012.09.03"]
[Round "3"]
[White "Garcia-Ruiz Fuentes, Angel M"]
[Black "Renteria, Jorge"]
[Result "0-1"]
[WhiteElo "1943"]
[BlackElo "2310"]
[PlyCount "52"]
[EventDate "2012.09.01"]
[EventRounds "9"]
[EventCountry "ESP"]

1. e4 c5 2. Nf3 d6 3. d4 cxd4 4. Nxd4 Nf6 5. Nc3 g6 6. Bg5 Bg7 7. Bb5+ Nbd7 8.
Qe2 O-O 9. O-O-O a6 10. Bc4 Nb6 11. Bb3 Qc7 12. Nd5 Nbxd5 13. exd5 Bd7 14. Rhe1
Rfe8 15. f3 Rac8 16. Qd3 Qc5 17. Kb1 Nxd5 18. Bxd5 Qxd5 19. Bxe7 Be5 20. Bh4
Rc4 21. Bf2 Rec8 22. Nf5 Bxf5 23. Qxd5 Rxc2 24. Rd3 Bxd3 25. Qxd3 Rxb2+ 26. Ka1
Rb4+ 0-1

[Event "III Memorial Oliver Gonzalez (Torneo A)"]
[Site "Polideportivo Daoiz y Velarde,"]
[Date "2012.09.03"]
[Round "3"]
[White "Adan Bermudez, Sergio"]
[Black "Coleto Calderon, Jose Antonio"]
[Result "1-0"]
[WhiteElo "2308"]
[BlackElo "2096"]
[PlyCount "35"]
[EventDate "2012.09.01"]
[EventRounds "9"]
[EventCountry "ESP"]

1. c4 f5 2. g3 Nf6 3. Bg2 e5 4. Nc3 c6 5. d4 e4 6. Nh3 d6 7. O-O Be6 8. d5 Bf7
9. Ng5 Bg8 10. f3 h6 11. Nh3 exf3 12. Rxf3 Qd7 13. Nf4 Na6 14. Ng6 Rh7 15. Bh3
Qf7 16. Bxf5 Nc5 17. Qc2 Ncd7 18. Be6 1-0

[Event "III Memorial Oliver Gonzalez (Torneo A)"]
[Site "Polideportivo Daoiz y Velarde,"]
[Date "2012.09.03"]
[Round "3"]
[White "Garcia Salamero, Gabriel"]
[Black "Santos Ruiz, Miguel"]
[Result "1/2-1/2"]
[WhiteElo "2239"]
[BlackElo "2050"]
[PlyCount "128"]
[EventDate "2012.09.01"]
[EventRounds "9"]
[EventCountry "ESP"]

1. e4 e6 2. d4 d5 3. e5 c5 4. c3 Qb6 5. Nf3 Nc6 6. a3 Nge7 7. b4 cxd4 8. cxd4
Nf5 9. Be3 f6 10. exf6 gxf6 11. Bd3 Nxe3 12. fxe3 Bh6 13. Qe2 O-O 14. Nc3 Bd7
15. O-O Rac8 16. Na4 Qd8 17. Nc5 b6 18. Nxd7 Qxd7 19. Nd2 Qe7 20. Rf3 Rf7 21.
Raf1 f5 22. Rh3 Qf6 23. Nf3 Bf8 24. Ng5 Qxg5 25. Rg3 Qxg3 26. hxg3 Rg7 27. g4
fxg4 28. g3 Bd6 29. Kg2 Rf8 30. Rxf8+ Kxf8 31. b5 Ne7 32. e4 Bxa3 33. exd5 exd5
34. Qe5 Bb2 35. Qf6+ Kg8 36. Bf5 Nxf5 37. Qxf5 Rg6 38. Qxd5+ Kg7 39. Qd7+ Kg8
40. d5 Bg7 41. Qxa7 Bf8 42. Qd7 Bc5 43. Qf5 Kg7 44. Qd7+ Kg8 45. Kf1 Bd6 46.
Qd8+ Bf8 47. Kf2 Kg7 48. Ke3 Bc5+ 49. Ke4 Bf8 50. Kf5 Bc5 51. Qd7+ Kg8 52. Ke4
Bb4 53. Qc8+ Bf8 54. d6 Rxd6 55. Qxg4+ Rg6 56. Qf3 Bc5 57. g4 Kg7 58. Qf5 Kg8
59. Qc8+ Kg7 60. Qd7+ Kg8 61. Kf5 Bf8 62. Qd5+ Kg7 63. Qe5+ Kg8 64. Qe8 Kg7
1/2-1/2

[Event "III Memorial Oliver Gonzalez (Torneo A)"]
[Site "Polideportivo Daoiz y Velarde,"]
[Date "2012.09.03"]
[Round "3"]
[White "Horcajada Reales, Guillermo"]
[Black "Lopez Mulet, Inigo"]
[Result "1/2-1/2"]
[WhiteElo "2207"]
[BlackElo "2019"]
[PlyCount "67"]
[EventDate "2012.09.01"]
[EventRounds "9"]
[EventCountry "ESP"]

1. d4 Nf6 2. c4 c5 3. d5 b5 4. cxb5 a6 5. bxa6 g6 6. Nc3 Bxa6 7. Nf3 d6 8. e4
Bxf1 9. Kxf1 Bg7 10. g3 Nbd7 11. Kg2 Qa5 12. Re1 Ng4 13. Qe2 Qa6 14. Nb5 O-O
15. a4 Rfb8 16. Bg5 Ngf6 17. Bd2 Qc8 18. Bc3 Ne8 19. e5 Nb6 20. exd6 exd6 21.
Bxg7 Kxg7 22. Nc3 Qb7 23. Qe7 Qxe7 24. Rxe7 Kf8 25. Rae1 h6 26. b3 Nf6 27. R7e3
c4 28. bxc4 Nxc4 29. R3e2 Nb6 30. Rb1 Nbxd5 31. Rxb8+ Rxb8 32. Nxd5 Nxd5 33.
Rd2 Nc3 34. Rxd6 1/2-1/2

[Event "III Memorial Oliver Gonzalez (Torneo A)"]
[Site "Polideportivo Daoiz y Velarde,"]
[Date "2012.09.03"]
[Round "3"]
[White "De La Fuente Gonzalez, Francisc"]
[Black "De La Orden Alcocer, Alejandro"]
[Result "1-0"]
[WhiteElo "2203"]
[BlackElo "1857"]
[PlyCount "63"]
[EventDate "2012.09.01"]
[EventRounds "9"]
[EventCountry "ESP"]

1. Nf3 d5 2. c4 d4 3. e3 c5 4. b4 dxe3 5. fxe3 e5 6. Nxe5 Qh4+ 7. g3 Qe4 8. Nf3
cxb4 9. d3 Qg6 10. Bg2 Nc6 11. d4 Nf6 12. d5 Nd8 13. a3 Bd6 14. O-O O-O 15.
axb4 Bxb4 16. Ne5 Qh6 17. e4 Bc5+ 18. Kh1 Be3 19. Nc3 Re8 20. Bxe3 Qxe3 21. Nd3
Qd4 22. Nb5 Qb6 23. Rf4 Bd7 24. e5 Bxb5 25. exf6 Bd7 26. c5 Qc7 27. Qh5 Ne6 28.
dxe6 Rxe6 29. Qg5 g6 30. Qh6 Rxf6 31. Rxf6 Bf5 32. Rxf5 1-0